|
|
|
|
| LEADER |
01342nam a22002777a 4500 |
| 001 |
35803 |
| 003 |
BD-DhAAL |
| 005 |
20250622120128.0 |
| 008 |
211101r19881999bg ||||| |||| 00| 0 ben d |
| 020 |
|
|
|a 9840500848
|
| 040 |
|
|
|a BD-DhAAL
|d BD-DhAAL
|
| 041 |
|
|
|a ben
|
| 082 |
|
|
|a 954.9205
|2 22
|
| 100 |
|
|
|a চৌধুরী, সিরাজুল ইসলাম.
|9 42318
|
| 245 |
|
|
|a স্বাধীনতার স্পৃহা সাম্যের ভয় /
|c সিরাজুল ইসলাম চৌধুরী.
|
| 246 |
|
|
|a Swadhinatar spriha sammyer bhoi
|
| 260 |
|
|
|a ঢাকা :
|b ইউনিভার্সিটি প্রেস লিমিটেড,
|c ১৯৯৯ [দ্বিতীয় মুদ্রণ].
|
| 300 |
|
|
|a ১৩৪ পৃষ্ঠা :
|c ২১ সে.মি.
|
| 526 |
|
|
|a BIED
|
| 541 |
|
|
|a Complimentary copy from BIED
|d 35803
|
| 651 |
|
|
|a Bangladesh
|x History
|y Revolution, 1971.
|9 42319
|
| 651 |
|
|
|a বাংলাদেশ
|x ইতিহাস
|y মুক্তিযুদ্ধ, ১৯৭১.
|9 42320
|
| 852 |
|
|
|a Ayesha Abed Library
|c BIED Collection
|
| 942 |
|
|
|2 ddc
|c BK
|
| 999 |
|
|
|c 43306
|d 43306
|
| 952 |
|
|
|0 0
|1 0
|2 ddc
|4 0
|6 954_920500000000000_CHO
|7 0
|9 69468
|a BRACUL
|b BRACUL
|c BNC
|d 2021-11-01
|e Complimentary copy from BIED
|l 0
|o 954.9205 CHO
|p 3010035803
|r 2021-11-01
|t 1
|w 2021-11-01
|y BK
|x BIED1072
|